Proceedings of the Conference on Applied Techniques for Cold Environments / (Record no. 550546)
[ view plain ]
| 000 -LEADER | |
|---|---|
| fixed length control field | 01006cam a2200181 i 4500 |
| 082 00 - DEWEY DECIMAL CLASSIFICATION NUMBER | |
| Classification number | 624 |
| Author Mark | APP |
| -- | L-39, P-188 |
| 245 00 - TITLE STATEMENT | |
| Title | Proceedings of the Conference on Applied Techniques for Cold Environments / |
| Statement of responsibility, etc. | Cold Regions Specialty Conference, Anchorage, Alaska, May 17-19, 1978 ; sponsored by Alaska Section, ASCE, ASCE Task Committee on Cold Regions, cosponsored by the Canadian Society for Civil Engineers. |
| 260 ## - PUBLICATION, DISTRIBUTION, ETC. | |
| Place of publication, distribution, etc. | New York : |
| Name of publisher, distributor, etc. | American Society of Civil Engineers, |
| Date of publication, distribution, etc. | c1978-c1979. |
| 300 ## - PHYSICAL DESCRIPTION | |
| Extent | 2 v. (vii, 1167 p.) : |
| Other physical details | ill. ; |
| Dimensions | 22 cm. |
| 500 ## - GENERAL NOTE | |
| General note | On spine: Applied techniques for cold environments. |
| 526 ## - STUDY PROGRAM INFORMATION NOTE | |
| Program name | 0 |
| Interest level | 0 |
| Reading level | 0 |
| Title point value | 624_000000000000000_APP |
| 650 #0 - SUBJECT ADDED ENTRY--TOPICAL TERM | |
| Topical term or geographic name entry element | Civil engineering |
| General subdivision | Cold weather conditions |
| -- | Congresses. |
| 9 (RLIN) | 47239 |
| 650 #0 - SUBJECT ADDED ENTRY--TOPICAL TERM | |
| Topical term or geographic name entry element | Civil engineering |
| Geographic subdivision | Alaska |
| General subdivision | Cold weather conditions |
| -- | Congresses. |
| 9 (RLIN) | 47240 |
| 710 2# - ADDED ENTRY--CORPORATE NAME | |
| Corporate name or jurisdiction name as entry element | American Society of Civil Engineers. |
| 9 (RLIN) | 702 |
| 710 2# - ADDED ENTRY--CORPORATE NAME | |
| Corporate name or jurisdiction name as entry element | American Society of Civil Engineers. |
| 9 (RLIN) | 702 |
| 710 2# - ADDED ENTRY--CORPORATE NAME | |
| Corporate name or jurisdiction name as entry element | Canadian Society for Civil Engineers. |
| 9 (RLIN) | 47241 |
| 942 ## - ADDED ENTRY ELEMENTS (KOHA) | |
| Source of classification or shelving scheme | |
| Koha item type | Book |
| Withdrawn status | Lost status | Source of classification or shelving scheme | Damaged status | Not for loan | Permanent Location | Current Location | Date acquired | Total Checkouts | Full call number | Barcode | Date last seen | Price effective from | Koha item type |
|---|---|---|---|---|---|---|---|---|---|---|---|---|---|
| Military College of Engineering (MCE) | Military College of Engineering (MCE) | 11/14/2014 | 624 APP | MCE-43508. | 11/14/2014 | 11/14/2014 | Book |
